00660nam a2200241 a 4500001001300000003000900013005001700022008004100039020001000080082001500090100001900105245001800124260004200142300001000184500003500194505001000229650001200239700001900251902000800270942000700278952011600285999001700401nice12345678IN_TiNIC20260116014407.0130108s1962 goaa grp 000 0 eng  ac17500a574.5bCAR aCarson, Rachel aSilent Spring aGoa, India bOther India Press c1962 a244p  aincludes index and biblioraphy2 aIndex aEcology1 aCarson, Rachel bSRS cBK 001040708StackRoom-aHMIbHMId2013-01-08g175.00l0o574.5 CARp023972r2013-01-08v175.00w2013-01-08yBK c15097d15097